<?xml version="1.0" encoding="UTF-8"?>
<marc:record xmlns:marc="http://www.loc.gov/MARC21/slim">
   <marc:leader>00000nam a2200000 a 4500</marc:leader>
   <marc:datafield ind1="1" ind2=" " tag="100">
      <marc:subfield code="a">Louis, Lia</marc:subfield>
      <marc:subfield code="4">aut</marc:subfield>
      <marc:subfield code="e">Verfasser/-in</marc:subfield>
   </marc:datafield>
   <marc:datafield ind1="0" ind2="0" tag="245">
      <marc:subfield code="a">21 Tage zum Verlieben</marc:subfield>
   </marc:datafield>
   <marc:datafield ind1="0" ind2="0" tag="245">
      <marc:subfield code="b">Roman</marc:subfield>
   </marc:datafield>
   <marc:datafield ind1="0" ind2="0" tag="245">
      <marc:subfield code="c">Louis, Lia</marc:subfield>
   </marc:datafield>
   <marc:datafield ind1=" " ind2="1" tag="264">
      <marc:subfield code="a">München</marc:subfield>
      <marc:subfield code="b">Penguin</marc:subfield>
      <marc:subfield code="c">2026</marc:subfield>
   </marc:datafield>
   <marc:datafield ind1=" " ind2=" " tag="250">
      <marc:subfield code="a">Deutsche Erstausgabe</marc:subfield>
   </marc:datafield>
   <marc:datafield ind1="1" ind2=" " tag="520">
      <marc:subfield code="a">Ein Moment. Ein Tausch. Ein Herz, das nie wieder dasselbe sein wird.&#xD;
&#xD;
Allie glaubt nicht an die große Liebe, sie analysiert sie lieber mit wissenschaftlicher Präzision. Als sie nach einem langen Forschungsprojekt erschöpft in ihre Heimat London zurückkehrt, stellt sie entsetzt fest, dass sie auf dem Flug ihr Handy mit ihrem Sitznachbarn vertauscht hat. Und dass dieser Unbekannte niemand Geringeres als Milo Ford war: der charmante Filmstar und wandelnde Inbegriff von Romantik. Kurzerhand beschließen die beiden, das digitale Leben des anderen zu übernehmen, bis sie zurücktauschen können – denn Milo ist in den rumänischen Bergen, ohne Kurierdienst, ohne eine Möglichkeit sich zu treffen für die nächsten 21 Tage. Doch während sie sich durch fremde Nachrichten, intime Einblicke und unerwartete Offenbarungen navigieren, wächst eine Verbindung, die keiner von beiden kommen sieht ...&#xD;
Der romantische neue Roman der SPIEGEL-Bestsellerautorin! &#xD;
&gt;&gt;&gt;Entdecken Sie auch weitere bezaubernde Liebesgeschichten von Lia Louis: &#xD;
»Jedes Jahr im Juni«&#xD;
»Acht perfekte Stunden«&#xD;
»Unser Lied für immer«&#xD;
»Tausend ungesagte Worte«&#xD;
Die Leser*innen können nicht genug von Lia Louis bekommen: &#xD;
***** »Ich hoffe so sehr, dass es noch ganz, ganz viele weitere Romane von Lia Louis geben wird!&#xD;
***** »Dieser Roman war definitiv nicht mein letztes Buch von Lia Louis.«&#xD;
***** »Einfach zauberhaft schön, gefühlvoll, bewegend und wunderbar romantisch!«&#xD;
&#xD;
Enthaltene Tropes: Enemies to Lovers, From two different worlds, Royality &amp; Celebrities, Second Chance, Slow Burn</marc:subfield>
   </marc:datafield>
   <marc:datafield ind1=" " ind2=" " tag="020">
      <marc:subfield code="a">9783328113270</marc:subfield>
      <marc:subfield code="9">9783328113270</marc:subfield>
   </marc:datafield>
   <marc:datafield ind1=" " ind2=" " tag="020">
      <marc:subfield code="a">3328113274</marc:subfield>
      <marc:subfield code="9">3328113274</marc:subfield>
   </marc:datafield>
   <marc:datafield ind1=" " ind2=" " tag="041">
      <marc:subfield code="a">ger</marc:subfield>
   </marc:datafield>
   <marc:datafield ind1=" " ind2=" " tag="300">
      <marc:subfield code="a">432 Seiten</marc:subfield>
   </marc:datafield>
</marc:record>
